| 000 | 00356nam a2200145Ia 4500 | ||
|---|---|---|---|
| 008 | 240624s9999 xx 000 0 und d | ||
| 041 | _aeng | ||
| 082 | _a658.1 KNO | ||
| 100 | _aKNOTT ANNE MARIE | ||
| 245 | _aVENTURE DESIGN | ||
| 250 | _a(2nd ed.) | ||
| 260 |
_c2008 _aLondon _bSage Publications |
||
| 300 | _avii, : 429 : p. : cm. ; 23 | ||
| 365 |
_c _b30 |
||
| 999 |
_c14519 _d14519 |
||